000 01133nmc a2200337 a 4500
003 AR-BaBNM
005 20251128210139.0
008 249019s1989 ||||||||||||||000 | spa||
020 _a950-556-240-3
040 _cAR-BaBNM
110 2 _aInstituto Internacional de Teoría y Crítica de Teatro Latinoamericano
245 1 0 _aReflexiones sobre teatro latinoamericano del siglo veinte
_bestudios teóricos : tercer teatro : teatro político : teatro de dramaturgas : análisis de espectáculos : teatro popular : documentos
260 _aBuenos Aires
_bGalerna
_bLemcke Verlag
_c1989
300 _aiv, 240 p.
490 0 _aCrítica de teatro latinoamericano
_vv. 1
650 4 _aLITERATURA LATINOAMERICANA
650 4 _aCRITICA LITERARIA
650 4 _aTEATRO
650 4 _aACTORES
650 4 _aARTES ESCENICAS
650 4 _aPRODUCCION TEATRAL
650 4 _aTEORIA LITERARIA
650 4 _aSEMIOLOGIA
650 4 _aHISTORIA DEL TEATRO
653 _aTEORIA DEL TEATRO
655 _aLITERATURA
800 1 _aGiella, Miguel Angel
_edirector
800 1 _aRoster, Peter
_edirector
942 _cBK
998 _cMARTIN
999 _c14254
_d14254